| 000 | 01160nac a22003011i 4500 | ||
|---|---|---|---|
| 003 | EG-ScBUE | ||
| 005 | 20230808144058.0 | ||
| 008 | 230808s2000 couab f b 001 0 eng d | ||
| 020 | _a0813334888 (pb : alk. paper) | ||
| 020 | _a9780813334882 | ||
| 040 |
_aEG-ScBUE _beng _erda _cEG-ScBUE _dEG-ScBUE |
||
| 082 | 0 | 4 |
_a915.6 _bHEL _222 |
| 100 | 1 |
_aHeld, Colbert C., _eauthor. |
|
| 245 | 1 | 0 |
_aMiddle East patterns : _bplaces, peoples, and politics / _cColbert C. Held, Baylor University ; with the assistance of Mildred McDonald Held ; cartography by John V. Cotter. |
| 250 | _aThird edition. | ||
| 264 | 1 |
_aBoulder, Colorado : _bWestview Press, _c2000. |
|
| 300 |
_axxi, 562 pages : _billustrations, maps ; _c26 cm |
||
| 336 |
_2rdacontent _atext _btxt |
||
| 337 |
_2rdamedia _aunmediated _bn |
||
| 338 |
_2rdacarrier _avolume _bnc |
||
| 504 | _aIncludes bibliographical references and index. | ||
| 651 | 7 |
_aMiddle East _xPolitics and government. _2BUEsh |
|
| 651 | 7 |
_aMiddle East _xSocial conditions. _2BUEsh |
|
| 655 | _vReading book | ||
| 700 | 1 |
_aHeld, Mildred McDonald, _eauthor. |
|
| 700 | 1 |
_aCotter, John V., _ecartographer. |
|
| 942 |
_cBB _2ddc |
||
| 999 |
_c9084 _d9084 |
||